000 00602nam a2200193Ia 4500
008 240729s9999 xx 000 0 und d
022 _a1884-4057
245 0 _aNPG Asia Materials
260 _aJapan
260 _bNature Portfolio
650 _a Biotechnology
650 _a Chemical technology
650 _a Electrical engineering. Electronics. Nuclear engineering
650 _a Materials of engineering and construction. Mechanics of materials | Technology
650 _aTechnology
856 _uhttps://doaj.org/toc/eb4537d0176845e79b197c6da3fec1bb
942 _2ddc
942 _cDOAJEJ
999 _c70178
_d70178
945 _a1
_bMadushi Gamage
_c1
_dMadushi Gamage